=LDR 00000nam 2200000 4500 =001 INLIS000000000047290 =005 20151001093746.0 =006 =007 =008 =035 ##$$0010-101500000000001 =082 ##$$a 372.83 =090 ##$$a 372.83 sit i =100 ##$$a siti rohani amelia =245 ##$$a i p s utk sd dan mi kelas 5 =260 ##$$a pustaka widya utama =300 ##$$a hln.190 =850 ##$$a NPBMAT =990 ##$$a 0001/BPAP-NTB/2015